| 000 | 01422nam0a22002531 4500 | ||
|---|---|---|---|
| 001 | rc\991485 | ||
| 005 | 20041129101534.2 | ||
| 035 | _a(NLR Aleph) 006158662 | ||
| 090 |
_a5839308 _c5839308 |
||
| 100 | _a20041129d1981 u |0rusy50 ca | ||
| 101 | 0 | _arus | |
| 102 | _aRU | ||
| 105 | _aa ||||||||| | ||
| 200 | 1 |
_aТехнология и организация уборки зерновых с использованием накопителей большой емкости _eЛекция (для слушателей ВИПК, школ упр. сел. хоз-вом и школ повышения квалификации с.-х. кадров _f[Подгот. Долгодворов Г.М., к. э. н.] |
|
| 210 |
_aп. Косино _cБ. и. _d1981 |
||
| 215 |
_a39 с. _cил. _d20 |
||
| 300 | _aВ надзаг.: М-во сел. хоз-ва РСФСР, Всерос. ин-т повышения квалификации руководящих работников и специалистов сел. хоз-ва | ||
| 700 | 1 |
_aДолгодворов _bГ. М. _gГеннадий Михайлович |
|
| 712 | 0 | 2 | _aВсероссийский ин-т повышения квалификации руководящих работников и специалистов сельского хозяйства |
| 801 | 0 |
_aRU _bNLR _gpsbo |
|
| 801 | 1 |
_aRU _bELAR _2rusmarc |
|
| 852 |
_aNLR _j81-4/19746 |
||
| 942 | _cBOOK | ||
| 980 | _aNB | ||